000 03032nam a22003137i 4500
001 TCPA 9
003 gtcocun
005 20250913005216.0
006 a||||gr|||| 00| 0
008 250913b2014 gt ||||| m||| 00| 0 eng d
040 _agtcocun
_bSPA
_cgtcocun
_eRDA
041 _aSPA
084 _0TCPA 9
100 _aAlvarez Cardoza, Gabriela Esperanza
_eAutor
245 _aInforme final del Ejercicio Profesional Supervisado, realizado en la Dirección Departamental de Educación de Alta Verapaz/
_cGabriela Esperanza Alvarez Cardoza
_hImpreso
264 _aCobán, Alta Verapaz:
_bUniversidad de San Carlos de Guatemala, Centro Universitario del Norte, Licenciatura en Contaduría Pública y Auditoría.
_c2014
300 _a51 p.:
_bIlustraciones, gráficas.
_c28 cm; PDF
336 _2rdacontenido
_aTexto
_btxt
337 _2rdamedio
_aComputadora
_bn
338 _2rdasoporte
_aCódigo en línea
_bcr
502 _e.
502 _aTesis de grado
_bLicenciatura en Contaduría Pública y Auditoría.
_cUniversidad de San Carlos de Guatemala, Centro Universitario del Norte, Licenciatura en Contaduría Pública y Auditoría.
_d2014
_oTCPA 9
520 1 4 _aActualmente el pensum del Centro Universitario del Norte, específicamente de la carrera de Contaduría Pública y Auditoria, dentro de sus contenidos a desarrollar hace énfasis en aquellos temas de relevancia y de actualidad, haciendo consciencia a los estudiantes de esta carrera a prepararse profesionalmente para enfrentar los cambios derivados de la globalización. El Ejercicio Profesional Supervisado –EPS- fue realizado en la Dirección Departamental de Educación de Alta Verapaz, específicamente en el Departamento Financiero, con el propósito de poder aplicar las diferentes técnicas y procedimientos de las auditorias aprendidas en el transcurso de la carrera. El presente informe se realizó en tres fases, siendo las siguientes: Primera fase: reconocimiento de la institución, descripción y jerarquización de los tres problemas más importantes, siendo estos la asignación incorrecta de fondos del anteproyecto de presupuestos, la aplicación incorrecta de clasificadores presupuestarios en la ejecución de los programas y la falta de control para el pago de proveedores en el fondo rotativo. La segunda fase: fue el plan de trabajo, en donde se describieron las actividades realizadas para la solución de las deficiencias encontradas realizando así un anteproyecto de presupuestos para el año 2013 por programa, un instructivo especifico de ejecución financiera por proyectos y por último se creó una herramienta informática para llevar el control de pago de proveedores.
650 1 4 _2LEMB
_aAlta Verapaz
_xanteproyecto
_xpresupuestos
_xproveedores
700 _aLic. Obdulio Ottoniel León Pacay
_eAsesor
856 _uhttps://drive.google.com/file/d/1zW1twCsTT5sesgSWPjYL2Sh2vR8_oABS/view?usp=sharing
_yPDF
_zUn ejemplar en línea.
942 _2ddc
_cTES
_iTCPA_9
_kClasificación
_n0
_6TCPA__9
999 _c1840
_d1840